000 00680cam a22002172a 4500
001 006557
003 AR-FADEU
008 311216n1964####xxu####################dd
092 _a306
_bF754
100 _aFoster, George M.
245 _aLas culturas tradicionales y los cambios técnicos
260 _aMéxico
260 _bFondo de Cultura Económica
260 _c1964
300 _a261 p
440 _aSección de obras de antropología
500 _aIncluye bibliografía
700 _aAndrés M., Mateo, tr.
650 _aCULTURA-TECNOLOGIA; COMUNIDAD RURAL; CAMBIO CULTURAL-BARRERAS; BUROCRACIA-TECNOLOGIA; ANTROPOLOGO-TAREA; TRABAJO EN EQUIPO
942 _cBDGR
999 _c12377
_d12377